| Tag |
First Indicator |
Second Indicator |
Subfields |
| LEADER |
00000cam a2200000 4500 |
| 001 |
in00003847113 |
| 005 |
20190415183548.0 |
| 006 |
m o d |
| 007 |
cr |n||||||||n |
| 008 |
930518s1727 stk|||| o o00||||eng c |
| 035 |
|
|
|a (CU-RivES)N54174
|
| 035 |
|
|
|a (Uk-ES)006048271
|
| 035 |
|
|
|a (OCoLC)508273946
|
| 040 |
|
|
|a CU-RivES
|c CU-RivES
|d CStRLIN
|d Cengage Gale
|d UtOrBLW
|
| 110 |
1 |
|
|a Great Britain.
|
| 240 |
1 |
0 |
|a Public General Acts. 1727. 13 Geo.I.c.30
|
| 245 |
1 |
3 |
|a An Act for encouraging and promoting fisheries, and other manufactures and improvements in that part of Great Britain called Scotland.
|
| 264 |
|
3 |
|a Edinburgh :
|b printed by Mr. Baskett and Company,
|c 1727.
|
| 300 |
|
|
|a 1 online resource (10 pages)
|
| 336 |
|
|
|a text
|b txt
|2 rdacontent
|
| 337 |
|
|
|a computer
|b c
|2 rdamedia
|
| 338 |
|
|
|a online resource
|b cr
|2 rdacarrier
|
| 510 |
4 |
|
|a English Short Title Catalog,
|c N54174.
|
| 500 |
|
|
|a Reproduction of original from National Library of Scotland.
|
| 500 |
|
|
|a Electronic resource.
|
| 650 |
|
0 |
|a Fisheries
|z Scotland
|v Early works to 1800.
|
| 655 |
|
7 |
|a Electronic books.
|2 local
|
| 710 |
2 |
|
|a Gale (Firm)
|0 http://id.loc.gov/authorities/names/no2008071348
|
| 730 |
0 |
|
|a Anno Regni Georgii Regis Magnæ Britanniæ, Franciæ, & Hiberniæ, decimo tertio. At the Parliament begun ... the ninth day of October, anno Dom. 1722. ... And from thence continued ... to the seventeenth day of January, 1726. Being the fifth session of this present Parliament.
|
| 752 |
|
|
|a Great Britain
|b Scotland
|d Edinburgh.
|
| 856 |
4 |
0 |
|u http://proxy.library.tamu.edu/login?url=http://find.galegroup.com/ecco/infomark.do?contentSet=ECCOArticles&docType=ECCOArticles&bookId=1716900300&type=getFullCitation&tabID=T001&prodId=ECCO&docLevel=TEXT_GRAPHICS&version=1.0&source=library&userGroupName=txshracd2898
|z Connect to the full text of this electronic book
|t 0
|
| 999 |
f |
f |
|s 8b137331-c4b8-33cb-aedd-2e606a580ddb
|i 4b8e898c-6d99-3e34-9f2c-d2eac93757c0
|t 0
|
| 952 |
f |
f |
|a Texas A&M University
|b College Station
|c Electronic Resources
|d Available Online
|t 0
|h No information provided
|
| 998 |
f |
f |
|t 0
|l Available Online
|